Atatürk haftası armağanı: (Record no. 14214)

MARC details
000 -BAŞLIK
Sabit Uzunlukta Kontrol Alanı 00985nam a22002297a 4500
999 ## - SİSTEM KONTROL NUMARALARI (KOHA)
Koha Biblionumber 14214
Koha Biblioitemnumber 14214
003 - KONTROL NUMARASI IDENTIFIER
Denetim Alanı MIRAKIL
005 - SON İŞLEM TARİHİ VE ZAMANI
Denetim Alanı 20201117161412.0
008 - SABİT-BOY VERİ ELEMANLARI - GENEL BİLGİLER
Sabit Uzunlukta Kontrol Alanı 201117b tu ||||| |||| 00| 0 tur d
040 ## - KATALOGLAMA KAYNAK
Orijinal Kataloglama Ajansı TR-AnCHP
Kataloglama Dili tur
Metne Dönüştürmek Ajansı TR-AnCHP
082 ## - DEWEY ONLU SINIFLANDIRMA NUMARASI
Sınıflandırma Numarası ATA 923.156
Ürün Numarası A72 1988
245 ## - BAŞLIK TABLOSU
Başlık Atatürk haftası armağanı:
Başlığın Kalan (Ölümünün 50 nci yılında Atatürk)
Sorumluluk Tablosu, Vb Genelkurmay Askeri Tarih ve Stratejik Etüt Başkanlığı.
246 ## - UNVAN FORM VARYING
Başlık Doğru / Kısa Başlığı (Ölümünün 50 nci yılında Atatürk)
260 ## - YAYIN, DAĞITIM, VB
Yayın, Dağıtım, Vb Yeri Ankara:
Yayıncı, Dağıtıcı, Vs Adı Genelkurmay Askeri Tarih ve Stratejik Etüt Başkanlığı Yayınları,
Yayın, Dağıtım, Vb Tarihi 1988
300 ## - FİZİKSEL TANIM
Kapsam 133 s.:
Boyutlar 24 sm.
490 0# - SERİSİ TABLOSU
Seri Beyanı Genelkurmay Askeri Tarih ve Stratejik Etüt Başkanlığı Yayınları;
-- Atatürk Dizisi;
Hacim / Ardışık Tanımı 21.
504 ## - KAYNAKÇA VB NOT
Kaynakça Vb Notu Bibliyografik bilgi içermektedir.
600 ## - KONU KATMA GİRİŞ - KURUMSAL ADI
Kişisel Ad Atatürk, Mustafa Kemal
Bir Adıyla İlişkilendirilen Tarihler 1881-1938
Genel Alt Bölümü Atatürk devrimleri
600 ## - KONU KATMA GİRİŞ - KURUMSAL ADI
Kişisel Ad Atatürk, Mustafa Kemal
Bir Adıyla İlişkilendirilen Tarihler 1881-1938
Genel Alt Bölümü Toplantılar
600 ## - KONU KATMA GİRİŞ - KURUMSAL ADI
Kişisel Ad Atatürk, Mustafa Kemal
Bir Adıyla İlişkilendirilen Tarihler 1881-1938
Genel Alt Bölümü Derlemeler
942 ## - EKLENDİ GİRİŞ ELEMANLARI (KOHA)
Sınıflandırma Veya Raf Düzeni Kaynak Dewey Decimal Classification
Koha Öğesi Türü Books
999 ## - SİSTEM KONTROL NUMARALARI (KOHA)
Koha Biblioitemnumber 14214
Holdings
Kalıcı Konum Mevcut Konum Edinme Tarihi Toplam Check-Out'Lar Tam Çağrı Numarası Barkod Tarih Son Görülme İtibaren Geçerli Fiyatlar Sigara Kamu Notu Koha Öğesi Türü
CHP Kütüphanesi CHP Kütüphanesi 11/17/2020   ATA 923.156 A72 1988 019744 11/17/2020 11/17/2020 Emine Başak Alkan Bağışıdır. Books